Statistics for Name the Lionesses

Click here to take the quiz!

General Stats

  • This quiz has been taken 56 times
  • The average score is 14 of 16

Answer Stats

Answer% Correct
Mary Earps
100%
Alessia Russo
96%
Ella Toone
94%
Lauren James
94%
Millie Bright
94%
Georgia Stanway
92%
Lauren Hemp
92%
Lucy Bronze
92%
Chloe Kelly
90%
Alex Greenwood
88%
Hannah Hampton
88%
Fran Kirby
86%
Jess Carter
86%
Niamh Charles
78%
Khiara Keating
76%
Rachel Daley
47%

Score Distribution

Percentile by Number Answered

Percent of People with Each Score

Your Score History

You have not taken this quiz